Представление документа в формате MARC21

Поле Инд. ПП Название Значение
Тип записи a
Библиографический уровень m
001 Контрольный номер UNIDUBNAe7e6072a947a4268990f981eca7119c9
005 Дата корректировки 20260520150205.7
008 Кодируемые данные 20260507
022 0_ a ISSN 1810-7206
084 a Индекс другой классификации/Индекс ББК 16.2
090 a Полочн. индекс 95.2
099 a Индекс 39244
245 10 a Заглавие Вестник компьютерных и информационных технологий
n Номер части/ раздела №4/2026. Т. 23
b Продолж. заглавия ежемесячный научно-технический и производственный журнал
c Ответственность учредитель: ООО "Издательский дом "Спектр"; гл. ред. В. В. Косьянчук
246 _1 a Другая форма заглавия ВКИТ
260 c Дата издания 2026
b Издательство "Издательский дом "Спектр"
a Место издания Москва
300 a Объем 52 с.
500 a Примечание Журнал
505 0_ a Форматированное содержание Геометрическое моделирование кривых двойного соприкосновения
b Автор Конопацкий Е. В.
b Автор Опарышев В. П.
505 0_ a Форматированное содержание Теоретические аспекты разработки и внедрения информационно-аналитической системы поддержки образовательной деятельности структурных подразделений вуза
b Автор Акапьев В. Л.
b Автор Савотченко С. Е.
505 0_ a Форматированное содержание Управление рисками искусственного интеллекта: концептуальная модель проактивной безопасности в условиях AI-киберпреступности
b Автор Аменицкий А. В.
b Автор Воробьев Е. Г.
505 0_ a Форматированное содержание Методика оценки киберустойчивости распределенных NoSQL-кластеров с учетом отказов и атак одновременно
b Автор Кунниев Х. М.
505 0_ a Форматированное содержание Модель идентификации криптографических хэш-функций на основе гетерогенного стекинга с расширенным признаковым пространством
b Автор Харитоненко В. Г.
b Автор Иванов Д. А.
b Автор Соковнин С. Д.
505 0_ a Форматированное содержание Выбор стратегии заполнения двухсекционных хеш-таблиц без вытеснения ранее вставленных элементов
b Автор Беляев А. А.
600 14 a Персоналии Желтов Сергей Юрьевич
a Персоналии Константинов Игорь Сергеевич
650 04 a Основная рубрика информационные технологии
653 0_ a Ключевые слова AI-преступность
a Ключевые слова Cassandra
a Ключевые слова MITRE ATT&CK
a Ключевые слова MongoDB
a Ключевые слова Redis
a Ключевые слова RTO/RPO
a Ключевые слова аппаратное обеспечение
a Ключевые слова ассоциативные массивы
a Ключевые слова высшее образование
a Ключевые слова геометрическое моделирование
a Ключевые слова гибридные инциденты
a Ключевые слова градиентный бустинг
a Ключевые слова данные
a Ключевые слова идентификация
a Ключевые слова информационная безопасность
a Ключевые слова информационно-аналитические системы
a Ключевые слова информация
a Ключевые слова искусственный интеллект
a Ключевые слова кибератаки
a Ключевые слова кибербезопасность
a Ключевые слова киберустойчивость
a Ключевые слова компьютерная графика
a Ключевые слова кривые второго порядка
a Ключевые слова криптография
a Ключевые слова машинное обучение
a Ключевые слова многослойный персептрон
a Ключевые слова модель угроз безопасности
a Ключевые слова обучение
a Ключевые слова отказоустойчивость
a Ключевые слова предиктивная аналитика
a Ключевые слова проактивная безопасность
a Ключевые слова программное обеспечение
a Ключевые слова распределенные кластеры
a Ключевые слова социально-экономические системы
a Ключевые слова точечное исчисление
a Ключевые слова управление
a Ключевые слова управление рисками
a Ключевые слова фреймворк
a Ключевые слова хеширование
a Ключевые слова хеш-таблицы
a Ключевые слова хэш-функции
a Ключевые слова этика искусственного интелекта
773 18 w Контрольный № источника UNIDUBNAd6bf0ab956624fe1846a5f3618645e71
901 t Тип документа s
952 a Тип литературы для КСУ ВШ НЖ
991 s 6